00582 2200181 4500001002100000005001500021035002000036007000300056008003900059082001200098084001800110100002400128245010600152260007600258300004200334650001100376022001300387INLIS00000000000064120240801023811 a0010-0824000006ta240801 | | |  a630.205 a630.205 AND c0 aAndréia Alves Rosa1 aCONVENTIONAL AND ORGANIC HONEY PRODUCTION AND QUALITY: A WORLDWIDE PERSPECTIVE /cAndréia Alves Rosa aBrazil, São Paulo :bCentro Universitário da FEI, Revista RGSA,c2024 a1-31 hlm, :bilus, ;c21 cm X 29,5 cm 4aJurnal a1981982X